000 00250nam a22001097a 4500
008 160510b xxu||||| |||| 00| 0 eng d
020 _a0805305793
041 _aeng
080 _a54
245 _aConceptual chemistry:
_cJohn Suchocki;
942 _2udc
_cBK
999 _c1988
_d1988